[Event "HUN-chT4 Chalupetzky 1819"]
[Site "Hunagry"]
[Date "2019.03.24"]
[Round "8.2"]
[White "Nagy, Tibor2222"]
[Black "Lukacsi, Zsolt"]
[Result "1-0"]
[WhiteElo "1701"]
[BlackElo "1577"]
[PlyCount "71"]
[EventDate "2018.10.14"]
[EventType "team-tourn"]
[EventRounds "10"]
[EventCountry "HUN"]
[SourceTitle "EXT 2020"]
[Source "ChessBase"]
[SourceDate "2019.10.17"]
[SourceVersion "1"]
[SourceVersionDate "2019.10.17"]
[SourceQuality "1"]
[WhiteTeam "KSE Level"]
[BlackTeam "Toltestava Tornado"]
[WhiteTeamCountry "HUN"]
[BlackTeamCountry "HUN"]

1. e4 e5 2. Nf3 Nc6 3. Bb5 Bc5 4. c3 d6 5. d4 exd4 6. cxd4 Bb4+ 7. Nc3 a6 8. Qa4 Bxc3+ 9. bxc3 Bd7 10. Bd3 h6 11. 0-0 Nf6 12. Qc2 0-0 13. Bf4 Re8 14. Rfe1 Bg4 15. Re3 Nh5 16. Bg3 Nxg3 17. hxg3 Re7 18. Rae1 Qd7 19. Qd2 Rae8 20. Bc2 Na5 21. Qd3 Bh5 22. Nh4 Qb5 23. Nf5 Re6 24. f3 Bg6 25. Qxb5 axb5 26. d5 Rf6 27. g4 Nc4 28. R3e2 Ne5 29. Kf2 h5 30. g5 Rxf5 31. exf5 Bh7 32. g6 fxg6 33. fxg6 Bxg6 34. Bxg6 Rf8 35. Bxh5 Rf4 36. Bg4 1-0

[Event "HUN-chT4 1718"]
[Site "Hungary"]
[Date "2018.04.14"]
[Round "8.24"]
[White "Pecsi, Laszlo"]
[Black "Lukacsi, Zsolt"]
[Result "0-1"]
[WhiteElo "1338"]
[BlackElo "1594"]
[PlyCount "92"]
[EventDate "2017.10.28"]
[EventType "team-tourn"]
[EventRounds "9"]
[EventCountry "HUN"]
[SourceTitle "EXT 2020"]
[Source "ChessBase"]
[SourceDate "2019.10.17"]
[SourceVersion "1"]
[SourceVersionDate "2019.10.17"]
[SourceQuality "1"]

1. e4 e5 2. Nf3 Nc6 3. Bc4 Bc5 4. Nc3 d6 5. h3 Be6 6. Bxe6 fxe6 7. 0-0 Nf6 8. d3 0-0 9. Bg5 Qe8 10. Bxf6 Rxf6 11. Na4 Bb6 12. Nxb6 axb6 13. a3 Qg6 14. Kh1 Raf8 15. Qe2 Rf4 16. Nh2 Qh6 17. Qd2 Qh5 18. f3 Nd4 19. Rf2 Kf7 20. Raf1 Ke7 21. c3 Nb3 22. Qe2 Qh4 23. Rg1 Qg3 24. Nf1 Qg6 25. g3 R4f6 26. Ne3 Qf7 27. Rgf1 Qh5 28. Kg2 Rh6 29. h4 g5 30. Rh1 Qg6 31. hxg5 Rxh1 32. Kxh1 Qxg5 33. Kg2 h5 34. Nf1 Rh8 35. Qe3 Qg6 36. d4 exd4 37. cxd4 Na5 38. Qc3 Rc8 39. b4 Nc6 40. d5 exd5 41. exd5 Ne5 42. Re2 Kd7 43. f4 Nd3 44. Kf3 Qg4+ 45. Ke3 Re8+ 46. Kxd3 Qxe2+ 0-1

[Event "HUN-chT4 Chalupetzky 1718"]
[Site "Hungary"]
[Date "2017.11.05"]
[Round "2.2"]
[White "Lukacsi, Zsolt"]
[Black "Bindics, Botond"]
[Result "1-0"]
[WhiteElo "1579"]
[BlackElo "1001"]
[PlyCount "41"]
[EventDate "2017.10.15"]
[EventType "team-tourn"]
[EventRounds "7"]
[EventCountry "HUN"]
[SourceTitle "EXT 2019"]
[Source "ChessBase"]
[SourceDate "2018.10.10"]
[SourceVersion "1"]
[SourceVersionDate "2018.10.10"]
[SourceQuality "1"]
[WhiteTeam "Toltestava Tornado"]
[BlackTeam "Fertoszentmiklos"]
[WhiteTeamCountry "HUN"]
[BlackTeamCountry "HUN"]

1. e4 e5 2. Bc4 Nc6 3. f4 d6 4. Nf3 exf4 5. d4 Bg4 6. 0-0 Nf6 7. Nc3 Be7 8. Bxf4 0-0 9. h3 Bh5 10. a3 Na5 11. Be2 d5 12. e5 Nd7 13. Nxd5 Nc6 14. c3 f5 15. Bc4 a6 16. Nxe7+ Kh8 17. Nxc6 bxc6 18. Qd3 a5 19. Rae1 Rb8 20. b4 a4 21. e6 1-0

[Event "HUN-chT4 Chalupetzky 1516"]
[Site "Fertoszentmiklos"]
[Date "2016.01.17"]
[Round "4.6"]
[White "Vasvari, Attila"]
[Black "Lukacsi, Zsolt"]
[Result "1-0"]
[WhiteElo "1609"]
[BlackElo "1665"]
[PlyCount "51"]
[EventDate "2015.10.11"]
[EventType "team-tourn"]
[EventRounds "7"]
[EventCountry "HUN"]
[SourceTitle "EXT 2017"]
[Source "ChessBase"]
[SourceDate "2016.10.25"]
[SourceVersion "1"]
[SourceVersionDate "2016.10.25"]
[SourceQuality "1"]
[WhiteTeam "UDSE II"]
[BlackTeam "Toltestava Tornado"]
[WhiteTeamCountry "HUN"]
[BlackTeamCountry "HUN"]

1. e4 e5 2. Nf3 Nc6 3. Bb5 d6 4. c3 a6 5. Ba4 b5 6. Bc2 Bb7 7. d4 exd4 8. cxd4 Qd7 9. Bd2 Nf6 10. 0-0 Be7 11. Re1 0-0 12. a4 Nd8 13. axb5 axb5 14. Rxa8 Bxa8 15. e5 Nd5 16. Be4 Ne6 17. Bf5 h6 18. Qc1 Qd8 19. Bxh6 Re8 20. Bd2 Nf8 21. Ng5 Nb6 22. e6 f6 23. Nf7 Qc8 24. Qc3 g6 25. Qh3 Nh7 26. Bxg6 1-0

[Event "HUN-chT4 Chalupetzky 1516"]
[Site "Fertoszentmiklos"]
[Date "2015.12.13"]
[Round "3.7"]
[White "Madar, Benjamin Balint"]
[Black "Lukacsi, Zsolt"]
[Result "0-1"]
[WhiteElo "1467"]
[BlackElo "1655"]
[PlyCount "84"]
[EventDate "2015.10.11"]
[EventType "team-tourn"]
[EventRounds "7"]
[EventCountry "HUN"]
[SourceTitle "EXT 2017"]
[Source "ChessBase"]
[SourceDate "2016.10.25"]
[SourceVersion "1"]
[SourceVersionDate "2016.10.25"]
[SourceQuality "1"]
[WhiteTeam "Gonyu"]
[BlackTeam "Toltestava Tornado"]
[WhiteTeamCountry "HUN"]
[BlackTeamCountry "HUN"]

1. e4 e5 2. Nf3 Nc6 3. Nc3 Bc5 4. Bb5 d6 5. Bxc6+ bxc6 6. d4 exd4 7. Nxd4 Qf6 8. Be3 Ne7 9. a3 0-0 10. b4 Bb6 11. Nce2 Re8 12. 0-0 Bg4 13. c4 Bxd4 14. Qxd4 Bxe2 15. Qxf6 gxf6 16. Rfe1 Bxc4 17. Bh6 Ng6 18. Re3 Re5 19. Rc1 Bb5 20. g4 Rae8 21. f3 d5 22. Rc5 d4 23. Rxe5 fxe5 24. Re1 d3 25. Kf2 Nf4 26. Rd1 Re6 27. g5 Rd6 28. Rd2 Rd4 29. h4 Rc4 30. Ke1 Rc1+ 31. Rd1 Ng2+ 32. Kf2 Rxd1 33. Kxg2 Re1 34. g6 hxg6 35. Kf2 Ra1 36. f4 d2 37. fxe5 d1Q 38. e6 Qe2+ 39. Kg3 Rg1+ 40. Kf4 Rg4+ 41. Ke5 Qxe4+ 42. Kf6 Qxe6# 0-1